000 00897nam a2200229Ia 4500
005 20240530111000.0
008 140319s1992 ua 000 0 ara d
017 _a1992/2947
_bمصر. دار الكتب
020 _a9775192021
040 _aGCL /
_cGCL
082 0 4 _a658.02
_bم ع
100 0 _aمحمد على شهيب
245 1 2 _aالعلاقات الانسانية :
_bمدخل سلوكى /
_cمحمد على شهيب، مدحت مصطفى راغب
260 _aالقاهرة :
_bالشركة العربية للنشر والتوزيع،
_c1992
300 _a239 ص. ؛
_c24 سم.
490 _aدراسات فى الفكر الادارى الحديث.
650 0 7 _2qrmak
_aالسلوك
650 0 7 _2qrmak
_aالاجتماع، علم
650 0 7 _2qrmak
_aالعلاقات الاجتماعية
700 0 _aمدحت مصطفى راغب
_eمؤلف مشارك
942 _2ddc
_cBK
999 _c67159
_d67159